Кн. 1. Интегрированная среда программирования; Система программирования Турбо Паскаль

Detaylı Bibliyografya
Parent link:Система программирования Турбо Паскаль: В 2 книгах/ В. М. Гостев. Кн. 1. Интегрированная среда программирования.— , 1995-
Dil:Rusça
Baskı/Yayın Bilgisi: 1995
Konular:
Materyal Türü: Kitap
KOHA link:https://koha.lib.tpu.ru/cgi-bin/koha/opac-detail.pl?biblionumber=59630

MARC

LEADER 00000nam2a2200000 4500
001 59630
005 20231031060340.0
010 |a 5746411566 
035 |a (RuTPU)RU\TPU\book\63070 
090 |a 59630 
100 |a 20040121d1995 km y0rusy50 ca 
101 0 |a rus 
102 |a RU 
105 |a a z 001zy 
200 0 |a Кн. 1. Интегрированная среда программирования 
210 |d 1995 
215 |a 176 с.  |c ил. 
320 |a Словарь терминов: с. 169-172 
461 1 |0 (RuTPU)RU\TPU\book\63068  |t Система программирования Турбо Паскаль  |o В 2 книгах  |f В. М. Гостев  |v Кн. 1. Интегрированная среда программирования  |d 1995- 
610 1 |a системы программирования 
610 1 |a интегрированные среды 
610 1 |a программы 
610 1 |a разработка 
610 1 |a меню 
610 1 |a усовершенствование 
610 1 |a Турбо Паскаль 
675 |a 681.3.066  |v 3 
801 1 |a RU  |b 63413507  |c 20040121  |g PSBO 
801 2 |a RU  |b 63413507  |c 20040121  |g PSBO 
942 |c BK